Histoire Des Revolutions De Hongrie, Où L'On Donne Une Idée Juste De Son Legitime Gouvernement. Tome Troisieme, Qui contient l'histoire des derniers mois de 1705, & d'une partie de 1706.

Bibliographic Details
Main Author: Brenner, Domokos Antal Ignácz, 1746-1794 (Author)
Corporate Author: Neaulme, Jean (Haag, Holandsko) (Printer)
Other Authors: Neaulme, Jean (Printer)
Format: Book
Language:French
PhysicalDescription:391 strán 16‬ cm‬
Subjects:

MARC

LEADER 00000nam a2200000 4500
001 vtls012128363
003 SK-MaSNL
005 20260301055342.0
008 220324t1739 ne a r 000 0 fre
015 |a SNBHFA1739 
040 |a SNKHF  |b slo  |c SNK  |e rda 
041 |a fre 
044 |a ne  |c NL 
072 7 |a 93/94  |x Dejiny (všeobecne)  |2 konspekt 
080 |a 93/94  |2 2011 
100 1 |a Brenner, Domokos Antal Ignácz,  |d 1746-1794  |4 aut  |9 368819 
245 1 0 |a Histoire Des Revolutions De Hongrie,  |b Où L'On Donne Une Idée Juste De Son Legitime Gouvernement.  |n Tome Troisieme, Qui contient l'histoire des derniers mois de 1705, & d'une partie de 1706. 
264 3 |a A La Haye  |b Chez Jean Neaulme  |c M.DCC.XXXIX (1739) 
300 |a 391 strán  |c 16‬ cm‬ 
336 |a text  |b txt  |2 rdacontent 
337 |a bez média  |b n  |2 rdamedia 
338 |a zväzok  |b nc  |2 rdacarier 
500 |a Kustody, iniciály s ornamentálnym pozadím na 4 riadky, ilustrovaný titulný list, koncová vineta, ozdobné linky 
504 |a Tlačené marginálie 
563 |a Väzba pôvodná kožená.  |5 SNK ID 102136/3 
650 0 7 |a dejiny  |2 SNKPH  |9 3825 
700 1 |a Neaulme, Jean  |4 prt  |9 368820 
710 0 |a Neaulme, Jean (Haag, Holandsko)  |4 prt  |9 368821 
752 |a Holandsko  |d Haag 
852 |a snk  |b Aponiovská knižnica  |p ID 102136/3 
958 |a DD 
958 |a ONDV 
999 |c 613162  |d 615092 
952 |t Op. XXVII/59  |a SNK  |b SNK  |c SNK_HF  |y PREZ  |7 0  |p 17A1399043  |o snkID 102136/3  |i snk2022/4638  |8 5  |0 0  |1 0  |4 0  |d 2022-03-24  |l 0  |r 2026-02-23 16:29:34  |w 2026-02-23